00398nam a2200157Ia 4500008004100000020001800041082000800059100001700067245004700084250000700131260002500138300001000163500002400173650002000197700002300217230524s9999 xx 000 0 und d a9780070265110 bCER aStefano Ceri 0aDistributed Databases Principles & Systems a10 aNew DelhibTMHc2012 a393p; aQuantity Number: 5 aCompter Science aGiuseppe Pelagatti